000 00460cam a22001934a 4500
005 20250605164321.0
008 250528s ||||||||||||||||||||||||d
035 _a22894
020 _a9780470843994
040 _aGR-AtMCL
_bgre
_dGR-AtMCL
_eAACR2
245 1 _aOBJECT-ORIENTED PROGRAMMING IN C++
250 _a1
260 _bWiley,
_c2001
300 _a610
700 1 _aJosuttis Nicolai M
_98532
942 _cBK
999 _c7938
_d7938